00789nam a2200265 a 450000100060000000300080000600500170001400800410003103500190007203500140009103500120010504000260011704100080014308200210015110000600017224500460023226000430027830000210032150000190034265000150036165000160037665100440039265100360043665100510047246251BD-RjUL20211209054127.0160801s1935 enk 00110 eng  a(BD-RjUL)46369 a(BD-RjUL) a1667177 aBD-RjULbengcBD-RjUL aeng0 a342.42bPON 19351 aPorteous, James A. A.q(.ames Archibald Asbury),d1902-14aThe new unionism /cJames A. A. Porteous. aLondon :bG. Allen & Unwin ltd.,c1935 a639 p. ;c23 cm. aIncludes index 0aSocialism. 0aCapitalism. 0aGreat BritainxPolitics and government. 0aGreat BritainxEconomic policy. 0aGreat BritainxEconomic conditionsy1918-1945.